MARC

LEADER 00000nam0a2200000 4500
001 158611
005 20231101222041.0
020 |a RU  |b 87-3317 
035 |a (RuTPU)RU\TPU\book\172020 
090 |a 158611 
100 |a 20090427d1986 m y0rusy5003 ca 
101 0 |a rus 
102 |a RU 
105 |a y z 000ay 
200 1 |a Жизнь и приключения Андрея Болотова, описанные самим им для своих потомков  |f А. Т. Болотов  |g сост., предисл. и примеч. А. В. Гулыга 
210 |a Москва  |c Современник  |d 1986 
215 |a 766,[1] с.  |d 21 см 
225 1 |a Память 
600 1 |a Болотов  |b А. Т.  |c российский естествоиспытатель, писатель  |c один из основоположников агрономической науки,хозяйственного и статистического учета в России  |f 1738-1833  |g Андрей Тимофеевич  |2 stltpush  |3 (RuTPU)RU\TPU\pers\14378  |9 4759 
610 1 |a Россия - История 
610 1 |a История - Россия 
610 1 |a Россия 
610 1 |a 18 век 
610 1 |a биографическая проза 
675 |a Р1  |z rus 
700 1 |a Болотов  |b А. Т.  |c российский естествоиспытатель, писатель  |c один из основоположников агрономической науки,хозяйственного и статистического учета в России  |f 1738-1833  |g Андрей Тимофеевич  |2 stltpush  |3 (RuTPU)RU\TPU\pers\14378  |9 4759 
702 1 |a Гулыга   |b А. В.  |4 220 
801 0 |a RU  |b RuMRKP  |c 19950417  |g psbo 
801 1 |a RU  |b 63413507  |c 20090427  |g PSBO 
801 2 |a RU  |b 63413507  |c 20090427  |g PSBO 
942 |c BK